Statistics for All US Metros

Click here to take the quiz!

General Stats

  • This quiz has been taken 6 times
  • The average score is 91 of 382

Answers on the Map

Answers color-coded by a green-red scale on the quiz's map according to % correct below.
 

Answer Stats

MetroState(s)Population% Correct
ClevelandTN122,317
67%
ClevelandOH2,058,844
67%
DenverCO2,888,227
67%
DetroitMI4,313,002
67%
Los AngelesCA13,353,907
67%
New YorkNY-NJ-PA20,320,876
67%
PortlandME532,083
67%
PortlandOR-WA2,453,168
67%
San FranciscoCA4,727,357
67%
YorkPA446,078
67%
AnchorageAK400,888
50%
AtlantaGA5,884,736
50%
AugustaGA-SC600,151
50%
AustinTX2,115,827
50%
BaltimoreMD2,808,175
50%
Boise CityID709,845
50%
BostonMA-NH4,836,531
50%
BuffaloNY1,136,856
50%
CharlotteNC-SC2,525,305
50%
ChicagoIL-IN-WI9,533,040
50%
CincinnatiOH-KY-IN2,179,082
50%
ColumbusOH2,078,725
50%
ColumbusIN82,040
50%
ColumbusGA-AL303,811
50%
DallasTX7,399,662
50%
El PasoTX844,818
50%
FlintMI407,385
50%
HoustonTX6,892,427
50%
IndianapolisIN2,028,614
50%
LansingMI477,656
50%
Las VegasNV2,204,079
50%
MiamiFL6,158,824
50%
NashvilleTN1,903,045
50%
Oklahoma CityOK1,383,737
50%
PhiladelphiaPA-NJ-DE-MD6,096,120
50%
PhoenixAZ4,737,270
50%
ProvidenceRI-MA1,621,122
50%
RichmondVA1,294,204
50%
SacramentoCA2,324,884
50%
SalemOR424,982
50%
Salt Lake CityUT1,203,105
50%
San DiegoCA3,337,685
50%
Santa FeNM148,750
50%
SeattleWA3,867,046
50%
ToledoOH603,668
50%
Urban HonoluluHI988,650
50%
Virginia BeachVA-NC1,725,246
50%
WashingtonDC-VA-MD-WV6,216,589
50%
AkronOH703,505
33%
AlbanyGA151,434
33%
AlbanyOR125,047
33%
AlbanyNY886,188
33%
AlbuquerqueNM910,726
33%
AllentownPA-NJ840,550
33%
AmarilloTX264,925
33%
Ann ArborMI367,627
33%
AnnistonAL114,728
33%
AshevilleNC456,145
33%
AthensGA209,271
33%
BakersfieldCA893,119
33%
BangorME151,957
33%
Baton RougeLA834,159
33%
BeaumontTX412,437
33%
BendOR186,875
33%
BillingsMT170,498
33%
BirminghamAL1,149,807
33%
BismarckND132,142
33%
BoulderCO322,514
33%
BridgeportCT949,921
33%
BrownsvilleTX423,725
33%
BurlingtonNC162,391
33%
BurlingtonVT218,395
33%
Cape CoralFL739,224
33%
Carson CityNV54,745
33%
Cedar RapidsIA270,293
33%
CharlestonWV214,406
33%
CharlestonSC775,831
33%
ChattanoogaTN-GA556,548
33%
CheyenneWY98,327
33%
Colorado SpringsCO723,878
33%
ColumbiaSC825,033
33%
ColumbiaMO178,271
33%
Corpus ChristiTX454,008
33%
DavenportIA-IL382,263
33%
DaytonOH803,416
33%
Des MoinesIA645,911
33%
DoverDE176,824
33%
DuluthMN-WI278,782
33%
DurhamNC567,428
33%
Eau ClaireWI167,484
33%
EriePA274,541
33%
EugeneOR374,748
33%
FairbanksAK99,703
33%
FargoND-MN241,356
33%
FlagstaffAZ140,776
33%
Fort WayneIN434,617
33%
FresnoCA989,255
33%
GainesvilleFL284,687
33%
GainesvilleGA199,335
33%
Grand RapidsMI1,059,113
33%
Green BayWI320,050
33%
GreenvilleSC895,923
33%
GulfportMS394,232
33%
HarrisburgPA571,903
33%
HartfordCT1,210,259
33%
HuntsvilleAL455,448
33%
JacksonMI158,640
33%
JacksonMS578,715
33%
JacksonTN129,235
33%
JacksonvilleFL1,504,980
33%
JacksonvilleNC193,893
33%
Jefferson CityMO151,465
33%
Kansas CityMO-KS2,128,912
33%
KnoxvilleTN877,104
33%
LafayetteLA491,558
33%
LafayetteIN219,239
33%
Lake CharlesLA209,357
33%
LakelandFL686,483
33%
LancasterPA542,903
33%
LaredoTX274,794
33%
LexingtonKY512,650
33%
LincolnNE331,519
33%
Little RockAR738,344
33%
Louisville/Jefferson CountyKY-IN1,293,953
33%
LubbockTX316,983
33%
LynchburgVA261,254
33%
MaconGA228,914
33%
MadisonWI654,230
33%
McAllenTX860,661
33%
MemphisTN-MS-AR1,348,260
33%
MidlandMI83,411
33%
MidlandTX170,675
33%
MilwaukeeWI1,576,236
33%
MinneapolisMN-WI3,600,618
33%
MobileAL413,955
33%
MonroeMI149,649
33%
MonroeLA178,445
33%
MontgomeryAL373,903
33%
New HavenCT860,435
33%
New OrleansLA1,275,762
33%
North PortFL804,690
33%
OcalaFL354,353
33%
OdessaTX157,087
33%
OlympiaWA280,588
33%
OmahaNE-IA933,316
33%
OrlandoFL2,509,831
33%
OshkoshWI170,414
33%
Panama CityFL199,723
33%
PensacolaFL487,784
33%
PittsburghPA2,333,367
33%
PocatelloID85,269
33%
ProvoUT617,675
33%
RaleighNC1,335,079
33%
RenoNV464,593
33%
RiversideCA4,580,670
33%
RochesterMN218,280
33%
RochesterNY1,077,948
33%
RockfordIL338,291
33%
RomeGA97,613
33%
San AngeloTX119,535
33%
San AntonioTX2,473,974
33%
San JoseCA1,998,463
33%
San Luis ObispoCA283,405
33%
Santa CruzCA275,897
33%
Santa MariaCA448,150
33%
Santa RosaCA504,217
33%
SavannahGA387,543
33%
ScrantonPA555,426
33%
ShreveportLA440,933
33%
Sioux CityIA-NE-SD168,618
33%
Sioux FallsSD259,094
33%
SpokaneWA564,236
33%
St. LouisMO-IL2,807,338
33%
SyracuseNY654,841
33%
TampaFL3,091,399
33%
TexarkanaTX-AR150,355
33%
TopekaKS233,149
33%
TrentonNJ374,733
33%
TucsonAZ1,022,769
33%
TulsaOK990,706
33%
TuscaloosaAL242,799
33%
UticaNY293,572
33%
WacoTX268,696
33%
WichitaKS645,628
33%
Wichita FallsTX151,230
33%
WilmingtonNC288,156
33%
Winston-SalemNC667,733
33%
YoungstownOH-PA541,926
33%
YumaAZ207,534
33%
AbileneTX170,219
17%
AlexandriaLA153,984
17%
AltoonaPA123,457
17%
AmesIA97,502
17%
AppletonWI236,126
17%
Atlantic CityNJ269,918
17%
BeckleyWV118,543
17%
BellinghamWA221,404
17%
BinghamtonNY242,217
17%
BlacksburgVA182,993
17%
BloomingtonIL188,232
17%
BloomingtonIN167,825
17%
Bowling GreenKY174,835
17%
BremertonWA266,414
17%
BrunswickGA118,119
17%
CasperWY79,547
17%
ChambersburgPA154,234
17%
ChampaignIL239,124
17%
CharlottesvilleVA233,793
17%
ChicoCA229,294
17%
ClarksvilleTN-KY285,042
17%
Coeur d'AleneID157,637
17%
College StationTX258,044
17%
CrestviewFL271,346
17%
DaltonGA144,440
17%
DecaturAL151,867
17%
DecaturIL105,801
17%
DeltonaFL649,202
17%
DothanAL147,914
17%
DubuqueIA97,041
17%
El CentroCA182,830
17%
ElizabethtownKY150,430
17%
EnidOK61,581
17%
EvansvilleIN-KY315,669
17%
FayettevilleNC386,662
17%
FayettevilleAR-MO537,463
17%
Fort CollinsCO343,976
17%
Fort SmithAR-OK282,086
17%
GadsdenAL102,755
17%
Grand ForksND-MN102,414
17%
Grand JunctionCO151,616
17%
Great FallsMT81,654
17%
GreensboroNC761,184
17%
GreenvilleNC179,042
17%
HanfordCA150,101
17%
HuntingtonWV-KY-OH356,474
17%
Idaho FallsID145,643
17%
Iowa CityIA171,491
17%
KalamazooMI338,338
17%
KennewickWA290,296
17%
KilleenTX443,773
17%
KingstonNY179,417
17%
KokomoIN82,363
17%
La CrosseWI-MN136,934
17%
Lake Havasu CityAZ207,200
17%
Las CrucesNM215,579
17%
LewistonME107,651
17%
LewistonID-WA62,920
17%
LoganUT-ID138,002
17%
LongviewWA106,910
17%
LongviewTX217,481
17%
MaderaCA156,890
17%
ManchesterNH409,697
17%
MedfordOR217,479
17%
MercedCA272,673
17%
MissoulaMT117,441
17%
ModestoCA547,899
17%
MorgantownWV138,709
17%
Myrtle BeachSC-NC464,165
17%
NapaCA140,973
17%
NorwichCT269,033
17%
OgdenUT665,358
17%
OxnardCA854,223
17%
Palm BayFL589,162
17%
ParkersburgWV90,898
17%
PeoriaIL372,427
17%
Port St. LucieFL473,429
17%
PrescottAZ228,168
17%
PuebloCO166,475
17%
Rapid CitySD146,850
17%
ReadingPA417,854
17%
ReddingCA179,921
17%
RoanokeVA314,128
17%
SalinasCA437,907
17%
SalisburyMD-DE405,853
17%
South BendIN-MI321,815
17%
SpartanburgSC334,391
17%
SpringfieldOH134,557
17%
SpringfieldMA631,652
17%
SpringfieldIL208,697
17%
SpringfieldMO462,369
17%
StauntonVA121,999
17%
St. CloudMN197,759
17%
St. GeorgeUT165,662
17%
St. JosephMO-KS126,935
17%
StocktonCA745,424
17%
TallahasseeFL382,627
17%
TylerTX227,727
17%
ValdostaGA145,437
17%
VallejoCA445,458
17%
VisaliaCA464,493
17%
Walla WallaWA64,614
17%
Warner RobinsGA191,779
17%
WaterlooIA169,892
17%
WeirtonWV-OH118,250
17%
WheelingWV-OH141,254
17%
WorcesterMA-CT942,475
17%
YakimaWA250,193
17%
Yuba CityCA173,679
17%
AuburnAL161,604
0%
Barnstable TownMA213,444
0%
Battle CreekMI134,128
0%
Bay CityMI104,239
0%
BloomsburgPA84,204
0%
CaliforniaMD112,667
0%
CantonOH399,927
0%
Cape GirardeauMO-IL96,782
0%
CarbondaleIL125,612
0%
CorvallisOR90,951
0%
CumberlandMD-WV98,837
0%
DanvilleIL77,909
0%
DaphneAL212,628
0%
East StroudsburgPA168,046
0%
ElkhartIN205,032
0%
ElmiraNY85,557
0%
FarmingtonNM126,926
0%
FlorenceAL147,038
0%
FlorenceSC205,831
0%
Fond du LacWI102,548
0%
GettysburgPA102,336
0%
Glens FallsNY126,152
0%
GoldsboroNC124,172
0%
Grand IslandNE85,045
0%
Grants PassOR86,352
0%
GreeleyCO304,633
0%
HagerstownMD-WV265,498
0%
HammondLA132,497
0%
HarrisonburgVA134,442
0%
HattiesburgMS148,877
0%
HickoryNC366,534
0%
Hilton Head IslandSC215,302
0%
HinesvilleGA80,400
0%
Homosassa SpringsFL145,647
0%
Hot SpringsAR98,658
0%
HoumaLA210,512
0%
IthacaNY104,802
0%
JanesvilleWI162,309
0%
Johnson CityTN202,053
0%
JohnstownPA133,054
0%
JonesboroAR131,269
0%
JoplinMO178,507
0%
KahuluiHI166,348
0%
KankakeeIL109,605
0%
KingsportTN-VA306,659
0%
LawrenceKS120,793
0%
LawtonOK127,349
0%
LebanonPA139,754
0%
LimaOH103,198
0%
ManhattanKS98,080
0%
MankatoMN100,939
0%
MansfieldOH120,589
0%
Michigan CityIN110,029
0%
MorristownTN118,081
0%
Mount VernonWA125,619
0%
MuncieIN115,184
0%
MuskegonMI173,693
0%
NaplesFL372,880
0%
New BernNC124,864
0%
NilesMI154,259
0%
Ocean CityNJ93,553
0%
OwensboroKY118,376
0%
Pine BluffAR90,963
0%
PittsfieldMA126,313
0%
Punta GordaFL182,033
0%
RacineWI196,071
0%
Rocky MountNC146,738
0%
SaginawMI191,934
0%
SebastianFL154,383
0%
SebringFL102,883
0%
SheboyganWI115,344
0%
ShermanTX131,140
0%
Sierra VistaAZ124,756
0%
State CollegePA162,660
0%
SumterSC106,847
0%
Terre HauteIN169,965
0%
The VillagesFL125,165
0%
VictoriaTX99,646
0%
VinelandNJ152,538
0%
WatertownNY114,187
0%
WausauWI135,732
0%
WenatcheeWA118,478
0%
WilliamsportPA113,841
0%
WinchesterVA-WV137,887
0%

Score Distribution

Percentile by Number Answered

Percent of People with Each Score

Your Score History

You have not taken this quiz